000 00393cam a2200145ua 4500
003 OSt
008 241028b |||||||| |||| 00| 0 eng d
082 _a004.16
_bRAF/MI
100 _aRafiquzzaman, Mohamad .
_9784
245 _aMicro processors and micro compuer-Based system design /
250 _asecond /
260 _aLondon :
_bCRC Press ,
_c2008.
300 _a776 ;
_e`.
942 _cBK
999 _c13046
_d13046